01194 2200385 4500001002100000005001500021035002000036007000300056040001700059100003100076245005900107250001200166300003400178020002200212041000800234082001400242084002000256090002600276264003400302336002100336337003000357338002300387650001500410700005000425700005300475700005600528700003800584700004300622850001000665008004100675990002300716990002300739990002300762990002300785INLIS00000000000834420260520024916 a0010-0922000833ta aSBPUPADbind1 aBramblett, ReidePengarang1 aTOP 10 New York /cReid Bramblett; editor, Hadiyansyah a.-Cet.5 a189 hlm :bilus ;c10 x 19 cm a978-979-075-053-117aInd a910.374.7 a910.374.7 BRA t a910.374.7 BRA t L25-4 a.--Jakarta :bErlangga,c2009 2rdacontentateks 2rdamediaatanpa perantara 2rdacarrieravolume 4aPariwisata0 aPenerjemah, Aria Perbacana HidayatePengarang0 aPenerjemah ke-2, Rara Tanjung HidayatePengarang0 aPenerjemah ke-3, Rahayu Surtiati HidayatePengarang0 aeditor ke-2, Raymond.SePengarang0 aeditor ke-3, Michael TobingePengarang aPUPAD260520 0  a17229/BR-KAPD.2012 a17232/BR-KAPD.2012 a17230/BR-KAPD.2012 a17231/BR-KAPD.2012